| 000 | 01681nam a2200265Ia 4500 | ||
|---|---|---|---|
| 999 |
_c37508 _d37508 |
||
| 001 | 3472 | ||
| 003 | GE_BSU | ||
| 005 | 20190620204853.0 | ||
| 008 | 181216s2009||||ge |||||||||||||| ||geo|| | ||
| 020 | _a9789941019999 | ||
| 040 | _cGE_BSU | ||
| 041 | _ageo | ||
| 080 | _a371.2 მ–30 | ||
| 100 |
_aმარზანო, რობერტ ჯ. _92600 |
||
| 245 |
_aრა განაპირობებს სკოლის ეფექტურობას : სახელმძღვ. ტრენერებისათვის / _cრობერტ ჯ. მარზანო, ჯენიფერ ს. ნორფორდი, მარსია დ'არქანჯელო ; მთარგმნ.: მაია ჩანქსელიანი, თეო ნეფარიძე ; რედ. ნათია ნაცვლიშვილი. |
||
| 264 |
_aთბილისი _bმასწავლებელთა პროფ. განვითარების ცენტრი, _c2009. |
||
| 300 |
_a140 გვ. ; _bცხრ. ; _c30 სმ. |
||
| 653 | _aსასკოლო მუშაობის ორგანიზაცია | ||
| 700 |
_aნორფორდი, ჯენიფერ ს. _eავტორი _92701 |
||
| 700 |
_aდ'არქანჯელო, მარსია _eავტორი _92702 |
||
| 700 |
_aჩანქსელიანი, მაია _eმთარგმნელი _92570 |
||
| 700 |
_aნეფარიძე, თეო _eმთარგმნელი _92571 |
||
| 700 |
_aნაცვლიშვილი, ნათია _eრედაქტორი _9890 |
||
| 942 |
_cBK _2udc |
||